Garis Panduan Perancangan dan pembangunan sejagat

Bibliographic Details
Corporate Author: Malaysia . Kementerian Perumahan dan Kerajaan Tempatan . Jabatan Perancangan Bandar dan Desa
Format: Book
Language:Malay
Published: Kuala Lumpur : Jabatan Perancangan Bandar dan Desa Semenanjung Malaysia 2000
Edition:Edisi Kedua
Series:Piawaian Perancangan JPBD 4/2000
Subjects:

MARC

LEADER 00000cam a2200000 7i4500
001 0000008535
005 20241003.0
008 010215 my may
020 |a 9839396641 
040 |a INS   |b eng   |e rda 
090 0 0 |a HT169.M3   |b G37 2000 
245 0 0 |a Garis Panduan Perancangan dan pembangunan sejagat   |c Jabatan Perancangan Bandar dan Desa Semenanjung Malaysia 
250 |a Edisi Kedua 
264 1 |a Kuala Lumpur :   |b Jabatan Perancangan Bandar dan Desa Semenanjung Malaysia   |c 2000 
300 |a 1 v. (various pagings) ;   |c 30 cm. 
336 |a text  |2 rdacontent 
337 |a unmediated  |2 rdamedia 
338 |a volume  |2 rdacarrier 
490 0 |a Piawaian Perancangan JPBD 4/2000 
650 0 |a City planning   |x Environmental aspects   |z Malaysia 
650 0 |a City planning   |x Religious aspects   |z Malaysia 
650 0 |a City planning   |x Socual aspects   |z Malaysia 
710 1 |a Malaysia .   |b Kementerian Perumahan dan Kerajaan Tempatan .   |b Jabatan Perancangan Bandar dan Desa 
999 |a 0000007868   |b BOOK   |c Open Shelf   |e Default branch 
999 |a 0000021616   |b BOOK   |c Open Shelf   |e Default branch